| 000 | 00423nam a2200157Ia 4500 | ||
|---|---|---|---|
| 008 | 240729s9999 xx 000 0 und d | ||
| 022 | _a2231-2293 | ||
| 245 | 0 | _aIndian Journal of Dental Sciences | |
| 260 | _aIndia | ||
| 260 | _bWolters Kluwer Medknow Publications | ||
| 650 | _a Dentistry | ||
| 650 | _aMedicine | ||
| 856 | _uhttps://doaj.org/toc/00bc04d35a0d4cf99db9227e58f1a5f0 | ||
| 942 | _2ddc | ||
| 942 | _cDOAJEJ | ||
| 999 |
_c74983 _d74983 |
||
| 945 |
_a1 _bMadushi Gamage _c1 _dMadushi Gamage |
||